Ekonómia pokút za kartelové dohody

Základné rámce ekonómie pokút za kartelové dohody. Metodické pokyny pri určovaní pokút v prípadoch zneužívania dominantného postavenia a dohôd obmedzujúcich súťaž.

Guardado en:
Detalles Bibliográficos
Autor principal: Lábaj, Martin, 1982-
Formato: Capítulo de libro
Lenguaje:eslovaco
Materias:
Etiquetas: Agregar Etiqueta
Sin Etiquetas, Sea el primero en etiquetar este registro!

MARC

LEADER 00000naa$a2200000$$$4500
001 0219979
005 20240502073623.0
041 0 |a slo 
044 |a SK 
245 1 0 |a Ekonómia pokút za kartelové dohody  |c Martin Lábaj 
520 |a Základné rámce ekonómie pokút za kartelové dohody. Metodické pokyny pri určovaní pokút v prípadoch zneužívania dominantného postavenia a dohôd obmedzujúcich súťaž. 
610 2 0 |a kartely 
610 2 0 |a politika súťažná 
610 2 0 |a tender 
610 2 0 |a súťaž hospodárska 
610 2 0 |a ochrana súťaže hospodárskej 
610 2 0 |a úpravy právne 
610 2 0 |a metodika 
610 2 0 |a pokuty 
100 1 |a Lábaj, Martin, 1982-